ਸੁਗੰਧ ਆਬਨੂਸ ਦੀ (Record no. 278282)

MARC details
000 -LEADER
fixed length control field 00842nam a2200265Ia 4500
003 - CONTROL NUMBER IDENTIFIER
control field OSt
005 - DATE AND TIME OF LATEST TRANSACTION
control field 20220924141643.0
008 - FIXED-LENGTH DATA ELEMENTS--GENERAL INFORMATION
fixed length control field 220917b |||||||| |||| 00| 0 eng d
037 ## - SOURCE OF ACQUISITION
Terms of availability Textual
040 ## - CATALOGING SOURCE
Original cataloging agency ARTS
Transcribing agency ARTS
Language of cataloging eng
041 ## - LANGUAGE CODE
Source of code eng
Language code of text/sound track or separate title eng
100 ## - MAIN ENTRY--PERSONAL NAME
Personal name ਨੇਕੀ, ਜਸਵੰਤ ਸਿੰਘ
9 (RLIN) 145608
245 #0 - TITLE STATEMENT
Title ਸੁਗੰਧ ਆਬਨੂਸ ਦੀ
260 ## - PUBLICATION, DISTRIBUTION, ETC.
Place of publication, distribution, etc. ਦਿੱਲੀ,
Name of publisher, distributor, etc. ਆਰਸੀ ਪਬਲੀFਰਗ਼
Date of publication, distribution, etc. 2004
300 ## - PHYSICAL DESCRIPTION
Extent 173ਪੰ
Dimensions cm.
650 ## - SUBJECT ADDED ENTRY--TOPICAL TERM
Topical term or geographic name entry element ਅੰਗ੍ਰੇਜੀ ਸਾਹਿਤ
700 ## - ADDED ENTRY--PERSONAL NAME
Personal name tzs f
9 (RLIN) 145609
700 ## - ADDED ENTRY--PERSONAL NAME
Personal name zx
9 (RLIN) 26129
942 ## - ADDED ENTRY ELEMENTS (KOHA)
Classification part O11196,1(Y:351)x, 153P4
Koha item type Textual
Source of classification or shelving scheme Colon Classification (CC)
Holdings
Withdrawn status Lost status Damaged status Not for loan Home library Current library Date acquired Total Checkouts Full call number Barcode Date last seen Price effective from Koha item type Date last checked out
        Arts Library Arts Library 2022-09-18   O11196,1(Y:351)x 153P4 AL1202815 2022-09-18 2022-09-18 Textual  
        Arts Library Arts Library 2022-09-18 1 O11196,1(Y:351)x 153P4 AL1202816 2025-08-28 2022-09-18 Textual 2025-08-20
Copyright @ Delhi University Library System